[Event "6th United Insurance"]
[Site "Dhaka BAN"]
[Date "2003.03.12"]
[Round "5"]
[White "Magem Badals,J"]
[Black "Dzhumaev,M"]
[Result "0-1"]
[WhiteElo "2493"]
[BlackElo "2507"]
[EventDate "2003.03.08"]

1. e4 g6 2. d4 Bg7 3. Nc3 d6 4. Bg5 c6 5. Qd2 b5 6. f4 Nd7 7. Nf3 b4 8. Ne2
a5 9. Ng3 Ngf6 10. f5 d5 11. Bh6 Bxh6 12. Qxh6 dxe4 13. Ng5 Nb6 14. fxg6
fxg6 15. Qg7 Rf8 16. Nxh7 Nxh7 17. Qxh7 Bf5 18. Be2 Qd5 19. Rf1 Kd7 20.
Nxf5 gxf5 21. a3 bxa3 22. Rxa3 Nc8 23. Qh6 Nd6 24. Qd2 a4 25. g4 f4 26.
Rxf4 Rxf4 27. Qxf4 Qxd4 28. c3 Qg1+ 29. Qf1 Qb6 30. b3 axb3 0-1

[Event "6th United Insurance"]
[Site "Dhaka BAN"]
[Date "2003.03.12"]
[Round "5"]
[White "Ahmed,SN"]
[Black "Rahman,Zia"]
[Result "1/2-1/2"]
[WhiteElo "2309"]
[BlackElo "2542"]
[EventDate "2003.03.08"]

1. e4 c5 2. Nc3 Nc6 3. g3 e6 4. Bg2 Nf6 5. Nf3 d5 6. exd5 exd5 7. d4 Bg4 8.
dxc5 Bxc5 9. O-O O-O 10. Bg5 d4 11. Ne4 Be7 12. Bxf6 Bxf6 13. Qd2 Bf5 14.
Rfe1 Bxe4 15. Rxe4 Qb6 16. b3 a5 17. a3 Rac8 18. Rf4 Qc5 19. Bh3 Rcd8 20.
Rd1 Rfe8 21. a4 Nb4 22. Rf5 Qc6 23. Bf1 Qc7 24. Bc4 b6 25. h4 Re7 26. Rf4
Red7 27. Ng5 Nd5 28. Rf3 Ne3 29. Bxf7+ Kh8 30. Rc1 Bxg5 31. hxg5 Ng4 32.
Qf4 Ne5 33. g6 Nxf3+ 34. Qxf3 d3 35. Bc4 d2 36. Rd1 Qe5 37. Kg2 Rd6 38.
gxh7 Rf6 39. Qe2 Qd6 40. Bd3 Qd5+ 41. Qe4 Qh5 42. Qe2 Qxe2 43. Bxe2 Rfd6
44. Bd3 g6 45. Rxd2 Kxh7 46. Re2 Kg7 47. Re7+ Kf6 48. Re3 Rc8 49. Kf3 Rc5
50. Re8 Rcd5 51. Re3 g5 52. Kg4 Rd4+ 53. Kf3 Rd8 54. Bc4 R8d6 55. Bd3 R6d5
56. Re8 Re5 57. Rg8 Kf7 58. Rh8 Ke7 59. Rg8 Kd7 60. Rg6 Kc7 61. g4 Rd6 62.
Rg7+ Rd7 63. Rg6 Rd6 64. Rg7+ Kc6 65. Bf5 Rd2 66. Bd3 Kc5 67. Rf7 Rd5 68.
Re7 Kb4 69. Re6 Kc5 70. Ke3 Rd1 71. Ke2 Rg1 72. f3 Rh1 73. Be4 Rd6 74. Re5+
Kd4 75. Re8 Rh2+ 76. Kf1 Kc3 77. Bd3 Rd2 78. Re2 R2xd3 79. cxd3 Kxb3 80.
Re4 b5 81. axb5 a4 82. Kf2 a3 83. Re8 a2 84. Ra8 Rxd3 85. b6 Rd8 86. b7 Rb8
87. f4 gxf4 88. Kf3 Rxb7 89. g5 Rb5 90. g6 Rg5 91. Rb8+ Ka3 92. Ra8+ Kb2
93. Rb8+ Ka1 94. Rb6 Rf5 95. g7 Rg5 96. Rb7 Rxg7 97. Rxg7 1/2-1/2

[Event "6th United Insurance"]
[Site "Dhaka BAN"]
[Date "2003.03.13"]
[Round "6"]
[White "Rahman,Zia"]
[Black "Hossain,Enam"]
[Result "1-0"]
[WhiteElo "2542"]
[BlackElo "2451"]
[EventDate "2003.03.08"]

1. Nf3 c5 2. c4 Nc6 3. d4 cxd4 4. Nxd4 Nf6 5. g3 Qb6 6. Nc2 e6 7. Bg2 d5 8.
O-O dxc4 9. Nba3 Qa6 10. b3 c3 11. Nc4 Na5 12. N2e3 Be7 13. Qc2 Nxc4 14.
Nxc4 Bd7 15. Qxc3 Rc8 16. a4 O-O 17. Bb2 Bc6 18. e4 Rfd8 19. g4 Bf8 20.
Rfe1 Bc5 21. Red1 Rxd1+ 22. Rxd1 Bf8 23. Ne5 Qb6 24. g5 Nd7 25. Ng4 e5 26.
Qg3 Re8 27. h4 Qc5 28. Bc3 Qe7 29. Bh3 Nc5 30. Nf6+ Kh8 31. Nxe8 Nxe4 32.
Qxe5 Nxc3 33. Qxe7 Bxe7 34. Re1 Bb4 35. Bg2 1-0

[Event "6th United Insurance"]
[Site "Dhaka BAN"]
[Date "2003.03.13"]
[Round "6"]
[White "Vakhidov,T"]
[Black "Ahmed,SN"]
[Result "1/2-1/2"]
[WhiteElo "2546"]
[BlackElo "2309"]
[EventDate "2003.03.08"]

1. Nf3 Nf6 2. c4 e6 3. g3 b6 4. Bg2 Bb7 5. O-O c5 6. Nc3 Be7 7. Re1 d5 8.
cxd5 Nxd5 9. e4 Nb4 10. d4 cxd4 11. Nxd4 N8c6 12. Be3 Nxd4 13. Bxd4 O-O 14.
Re2 Nc6 15. Rd2 Qc8 16. Rc1 Rd8 17. Nd5 Qd7 18. Nxe7+ Qxe7 19. Bc3 Rxd2 20.
Qxd2 Rd8 21. Qc2 e5 22. Rd1 h6 23. Rxd8+ Qxd8 24. Qd2 Qxd2 25. Bxd2 Kf8 26.
f3 Ke7 27. Kf2 Kd6 28. b4 Ba6 29. Bc3 Bc4 30. a3 Nd4 31. Bb2 f6 32. Ke3
Nc2+ 33. Kd2 Nd4 34. Ke3 Nc2+ 35. Kd2 Nd4 1/2-1/2

[Event "6th United Insurance"]
[Site "Dhaka BAN"]
[Date "2003.03.13"]
[Round "6"]
[White "Rahman,Tai"]
[Black "Goloshchapov,A"]
[Result "1/2-1/2"]
[WhiteElo "2300"]
[BlackElo "2523"]
[EventDate "2003.03.08"]

1. d4 d5 2. c4 c6 3. Nf3 e6 4. Qc2 dxc4 5. Qxc4 Nf6 6. Bg5 b5 7. Qc2 Bb7 8.
g3 Nbd7 9. Nc3 c5 10. dxc5 Bxc5 11. Bg2 Rc8 12. Qd3 Qb6 13. O-O Ng4 14.
Rad1 Bxf2+ 15. Kh1 Bc6 16. Ne4 Bc5 17. h3 Ngf6 18. Nd6+ Bxd6 19. Qxd6 Bd5
20. Qxb6 Nxb6 21. Nd4 Ne4 22. Bf4 a6 23. Kg1 Ke7 24. Rd3 Nc5 25. Rdd1 Bxg2
26. Kxg2 f6 27. b3 Ne4 28. Kf3 Nc3 29. Rd2 g6 30. Nxe6 Ncd5 31. Nd4 Rc3+
32. Rd3 Rhc8 33. Bd2 Rxd3+ 34. exd3 Nd7 35. a4 bxa4 36. bxa4 Nc5 37. Rc1
Kd7 38. a5 f5 39. g4 fxg4+ 40. Kxg4 Nxd3 41. Rxc8 Ne5+ 42. Kg5 Nf7+ 43. Kg4
Kxc8 44. Ne6 Ne5+ 45. Kg3 Nd7 46. Kg4 N5f6+ 47. Kf4 Kb7 48. Nd4 Kc7 49. Be1
h6 50. h4 Kd6 51. Ne2 Ne5 52. Bb4+ Kd5 53. Bf8 Nh5+ 54. Ke3 Nc4+ 55. Kf3
Ne5+ 56. Ke3 Nc4+ 57. Kf3 Nxa5 58. Nf4+ Nxf4 59. Kxf4 Nc6 60. Bxh6 Nd8 61.
Kg4 Nf7 62. Bf8 Ke6 63. h5 g5 64. Bg7 a5 65. h6 Nxh6+ 1/2-1/2

[Event "6th United Insurance"]
[Site "Dhaka BAN"]
[Date "2003.03.13"]
[Round "6"]
[White "Abdulla,Al"]
[Black "Neelotpal,D"]
[Result "1-0"]
[WhiteElo "2405"]
[BlackElo "2406"]
[EventDate "2003.03.08"]

1. d4 d5 2. c4 c6 3. Nf3 Nf6 4. e3 a6 5. Bd3 b5 6. b3 Bg4 7. Nbd2 e6 8. O-O
Nbd7 9. Qc2 Bd6 10. Bb2 Rc8 11. Rfc1 Rc7 12. c5 Be7 13. a4 Bh5 14. axb5
axb5 15. Ra6 Bg6 16. Rca1 O-O 17. Bxg6 hxg6 18. Bc3 Qc8 19. Qa2 Rb7 20. Ra7
Rxa7 21. Qxa7 Bd8 22. Ba5 Bxa5 23. Qxa5 Ne4 24. Qa6 Qc7 25. Qa7 Qc8 26.
Nxe4 dxe4 27. Ng5 Nf6 28. Qe7 Nd5 29. Qd6 Rd8 30. Qg3 Nf6 31. Ra7 Rd7 32.
Rxd7 Qxd7 33. Qb8+ Qe8 34. Qxe8+ Nxe8 35. Nxe4 Kf8 36. Kf1 Nc7 37. Ke2 Nd5
38. Kd2 Ke7 39. Nc3 Nf6 40. f3 e5 41. Kd3 exd4 42. Kxd4 Ke6 43. Ne2 g5 44.
Nc1 Nd7 45. Nd3 f6 46. Nb4 Nb8 47. e4 g6 48. g3 f5 49. h3 Kf6 50. exf5 Kxf5
51. Nc2 Na6 52. Ne3+ Ke6 53. Ng4 Nb4 54. Nf2 Nc2+ 55. Kd3 Ne1+ 56. Ke4 Nc2
57. Nd3 Na1 58. b4 Nc2 59. f4 gxf4 60. Nxf4+ Kf6 61. Nd3 Ke6 62. h4 Kf6 63.
g4 g5 64. h5 Ke6 65. h6 Kf6 66. h7 Kg7 67. Kf5 Kxh7 68. Kxg5 1-0

[Event "6th United Insurance"]
[Site "Dhaka BAN"]
[Date "2003.03.14"]
[Round "7"]
[White "Neelotpal,D"]
[Black "Reefat,S"]
[Result "0-1"]
[WhiteElo "2406"]
[BlackElo "2451"]
[EventDate "2003.03.08"]

1. e4 e6 2. d4 d5 3. Nc3 Nf6 4. e5 Nfd7 5. f4 c5 6. Nf3 Nc6 7. Be3 a6 8.
Qd2 b5 9. h4 b4 10. Ne2 a5 11. g4 Qb6 12. f5 cxd4 13. Bxd4 Bc5 14. O-O-O a4
15. Kb1 Ba6 16. Bxc5 Nxc5 17. Ng3 Bxf1 18. Rhxf1 O-O-O 19. Qf4 a3 20. b3 d4
21. Nd2 Qc7 22. Nc4 f6 23. fxe6 fxe5 24. Qf3 Nxe6 25. Nf5 Rhe8 26. Rfe1 g6
27. Nh6 Kb8 28. g5 Rf8 29. Qg3 e4 30. Qg2 e3 31. Ng4 Nf4 32. Qh1 Nd5 33.
Rd3 Rf4 34. Qg1 Rdf8 35. Qg2 Rd8 36. Ka1 Rff8 37. Qe4 Rf4 38. Qg2 Qe7 39.
Ngxe3 Re4 40. Qg3+ Kb7 41. Ng2 Rxe1+ 42. Nxe1 Rf8 43. Nf3 Qe2 44. Ncd2 Qd1+
45. Nb1 Qc1 0-1

[Event "6th United Insurance"]
[Site "Dhaka BAN"]
[Date "2003.03.14"]
[Round "7"]
[White "Goloshchapov,A"]
[Black "Abdulla,Al"]
[Result "1/2-1/2"]
[WhiteElo "2523"]
[BlackElo "2405"]
[EventDate "2003.03.08"]

1. e4 c6 2. d4 d5 3. Nc3 dxe4 4. Nxe4 Nd7 5. Ng5 Ngf6 6. Bd3 e6 7. N1f3 Bd6
8. Qe2 h6 9. Ne4 Nxe4 10. Qxe4 Qc7 11. Qg4 Rg8 12. Bxh6 Nf6 13. Qg5 Bf8 14.
Qf4 Bd6 15. Qg5 Bf8 16. Qh4 gxh6 17. Qxf6 Rxg2 18. O-O-O Rg4 19. Qe5 Qxe5
20. dxe5 Bd7 21. Nd2 O-O-O 22. f3 Rg5 23. f4 Rg4 24. Rdf1 Be7 25. Rhg1 Rdg8
26. Rxg4 Rxg4 27. Ne4 Rg2 28. Rf2 Rxf2 29. Nxf2 Bc5 30. Nh3 Be3+ 31. Kd1 c5
32. Ke2 Bc1 33. b3 Bc6 34. Kf2 Kd7 35. Kg3 Bd2 36. Kg4 Ke7 37. Nf2 Be3 38.
Ne4 Bxe4 39. Bxe4 b6 40. h3 f5+ 41. exf6+ Kxf6 1/2-1/2

[Event "6th United Insurance"]
[Site "Dhaka BAN"]
[Date "2003.03.14"]
[Round "7"]
[White "Magem Badals,J"]
[Black "Rahman,Tai"]
[Result "1-0"]
[WhiteElo "2493"]
[BlackElo "2300"]
[EventDate "2003.03.08"]

1. e4 c5 2. Nf3 Nc6 3. Bb5 g6 4. c3 Nf6 5. Qe2 Bg7 6. O-O O-O 7. h3 e5 8.
d3 Qc7 9. a3 Re8 10. b4 b6 11. Be3 d6 12. Nbd2 Bd7 13. Rac1 Nd8 14. Bc4 Be6
15. Bg5 Qd7 16. bxc5 bxc5 17. Rb1 Bxc4 18. Nxc4 Ne6 19. Bxf6 Bxf6 20. g3
Ng5 21. h4 Nxf3+ 22. Qxf3 Bg7 23. h5 Bh6 24. Rb3 Rab8 25. Rfb1 Rxb3 26.
Rxb3 Kg7 27. Kg2 Re6 28. Rb8 Rf6 29. Qe2 d5 30. Nxe5 Qd6 31. Re8 Re6 32.
Rxe6 Qxe6 33. exd5 Qxd5+ 34. Qe4 Qxe4+ 35. dxe4 Kf8 36. hxg6 hxg6 37. c4
Ke8 38. f4 Bg7 39. Nd3 Kd8 40. e5 Kc7 41. Kf3 Kc6 42. Ke4 Bf8 43. g4 Be7
44. g5 Bd8 45. e6 f6 46. gxf6 Bxf6 47. f5 g5 48. Ne5+ Kd6 49. Nf7+ Ke7 50.
Nh6 Kd6 51. a4 a6 52. Nf7+ Ke7 53. Kd5 g4 54. Ke4 Bh4 55. Ne5 g3 56. Ng6+
1-0

[Event "6th United Insurance"]
[Site "Dhaka BAN"]
[Date "2003.03.14"]
[Round "7"]
[White "Ahmed,SN"]
[Black "Dzhumaev,M"]
[Result "0-1"]
[WhiteElo "2309"]
[BlackElo "2507"]
[EventDate "2003.03.08"]

1. e4 g6 2. d4 Bg7 3. Nc3 d6 4. f4 Nf6 5. Nf3 O-O 6. Be3 b6 7. e5 Ng4 8.
Bg1 Bb7 9. h3 Nh6 10. Be2 Nf5 11. Bf2 c5 12. d5 dxe5 13. fxe5 Nd7 14. g4
Nd4 15. Bxd4 cxd4 16. Qxd4 Qb8 17. O-O-O Nxe5 18. Nxe5 Bxe5 19. Qb4 Rc8 20.
Ne4 Bg7 21. d6 a5 22. Qa4 b5 23. Bxb5 Bxe4 24. d7 Rxc2+ 25. Qxc2 Bh6+ 26.
Kb1 Bxc2+ 27. Kxc2 Qxb5 28. d8=Q+ Rxd8 29. Rxd8+ Kg7 30. Rhd1 Bf4 31. R8d5
Qe2+ 32. Kb3 Bc1 0-1

[Event "6th United Insurance"]
[Site "Dhaka BAN"]
[Date "2003.03.14"]
[Round "7"]
[White "Hossain,Enam"]
[Black "Vakhidov,T"]
[Result "1/2-1/2"]
[WhiteElo "2451"]
[BlackElo "2546"]
[EventDate "2003.03.08"]

1. e4 e6 2. d4 d5 3. Nc3 Nf6 4. e5 Nfd7 5. f4 c5 6. Nf3 Nc6 7. Be3 a6 8.
Qd2 cxd4 9. Nxd4 Bc5 10. O-O-O Nxd4 11. Bxd4 O-O 12. Qf2 Qc7 13. Bd3 Bxd4
14. Qxd4 Qc5 15. Ne2 b6 16. Kb1 Bb7 17. c3 Bc6 18. Bc2 Bb5 19. Qd2 Bxe2 20.
Qxe2 Rfd8 21. f5 exf5 22. Bxf5 Nf8 23. e6 fxe6 24. Bxe6+ Kh8 25. Bf7 d4 26.
Qf2 dxc3 27. Qxc5 bxc5 28. bxc3 Rdb8+ 29. Kc2 Ra7 30. Bc4 Nd7 31. Rb1 Rxb1
32. Rxb1 g6 33. Be6 Kg7 34. Rd1 Ne5 35. Rd6 a5 36. h3 Kf6 37. Bc8+ Kf7 38.
Rd5 Nc4 39. Rxc5 Ne3+ 40. Kb3 Nxg2 41. Ka4 Nf4 42. Rc6 Ke7 43. c4 Nd3 44.
Bg4 Nb4 45. Re6+ Kf7 46. Re2 h5 47. Bf3 Rc7 48. Kb5 Nd3 49. Kxa5 Kf6 50.
Bd5 Nf4 51. Rd2 Nxd5 52. cxd5 Ke5 53. Kb6 Kd6 54. a4 Rc3 55. Rb2 Rxh3 56.
a5 Kxd5 57. a6 Ra3 58. Rb5+ Ke4 59. Ra5 Rf3 60. a7 Rf8 61. a8=Q+ Rxa8 62.
Rxa8 h4 63. Kc5 g5 64. Rh8 g4 65. Rxh4 Kf3 66. Kd4 g3 67. Rh3 Kf2 68. Ke4
g2 69. Rf3+ Ke2 70. Rg3 Kf2 1/2-1/2

[Event "6th United Insurance"]
[Site "Dhaka BAN"]
[Date "2003.03.14"]
[Round "7"]
[White "Murshed,N"]
[Black "Rahman,Zia"]
[Result "1/2-1/2"]
[WhiteElo "2435"]
[BlackElo "2542"]
[EventDate "2003.03.08"]

1. d4 e6 2. c4 b6 3. a3 f5 4. Nc3 Nf6 5. g3 c6 6. d5 Ba6 7. b3 cxd5 8. cxd5
Bb7 9. Bg2 Bd6 10. Bf4 Bxf4 11. gxf4 Na6 12. Kf1 Nc7 13. dxe6 Bxg2+ 14.
Kxg2 Nxe6 15. e3 Rc8 16. Nb5 O-O 17. b4 Ne4 18. Nd6 Nxd6 19. Qxd6 Rf6 20.
Nf3 Qe8 21. Qd5 Qg6+ 22. Kf1 Qh5 23. Rg1 h6 24. Rg3 Rc7 25. Kg1 Kh7 26. Ne5
Nf8 27. Kh1 d6 28. Nf3 Qf7 29. Qxf7 Rfxf7 30. Nd4 Rc3 31. Rgg1 d5 32. Rgc1
Rd3 33. Rd1 Rc3 34. Kg2 Rc4 35. Nf3 Rc2 36. Rxd5 Ng6 37. Kg3 Rc6 38. Nd4
Rcf6 39. Rc1 Nf8 40. Nb5 a6 41. Nc7 b5 42. Rdc5 Ne6 43. Rc6 Nxc7 44. Rxc7
Rxc7 45. Rxc7 Rd6 46. Ra7 Kg6 47. Kf3 Kh5 48. Kg3 g6 49. Kf3 Rc6 50. Kg3
Re6 51. h3 Rc6 52. f3 Re6 53. e4 fxe4 54. fxe4 Rxe4 55. Rxa6 Re3+ 56. Kg2
g5 57. f5 Re5 58. Ra5 Re3 59. Rxb5 Rxa3 60. Rb6 Rb3 61. b5 g4 62. hxg4+
Kxg4 63. f6 h5 64. Re6 Rb2+ 65. Kg1 1/2-1/2

[Event "6th United Insurance"]
[Site "Dhaka BAN"]
[Date "2003.03.15"]
[Round "8"]
[White "Reefat,S"]
[Black "Rahman,Zia"]
[Result "0-1"]
[WhiteElo "2451"]
[BlackElo "2542"]
[EventDate "2003.03.08"]

1. e4 g6 2. d4 Bg7 3. Nc3 c6 4. h3 d6 5. Be3 Qb6 6. a3 Nf6 7. Bd3 O-O 8.
Nf3 Nbd7 9. O-O Qc7 10. a4 b6 11. Re1 Bb7 12. Qd2 e5 13. dxe5 dxe5 14. b3
Rad8 15. Qc1 a6 16. Ne2 c5 17. Ng3 Ne8 18. Bh6 f6 19. h4 Nd6 20. Bc4+ Nxc4
21. bxc4 Rf7 22. Bd2 a5 23. h5 Ba6 24. Nh4 Nf8 25. h6 Bh8 26. Nf1 Bxc4 27.
Ne3 Be6 28. c4 Rd4 29. Nd5 Bxd5 30. cxd5 f5 31. Nf3 Rxe4 32. Rxe4 fxe4 33.
Ng5 Rd7 34. Rb1 Qd6 35. Be3 Qxd5 36. Rxb6 c4 37. Qb1 c3 38. Qxe4 Qd1+ 39.
Kh2 Qh5+ 40. Kg3 Rd4 41. Bxd4 Qxg5+ 42. Kf3 exd4 43. g4 Qd8 44. Qc6 Qd7 45.
Qc4+ Qf7+ 46. Qxf7+ Kxf7 47. Ke4 Nd7 48. Rc6 d3 0-1

[Event "6th United Insurance"]
[Site "Dhaka BAN"]
[Date "2003.03.15"]
[Round "8"]
[White "Tiviakov,S"]
[Black "Ahmed,SN"]
[Result "1-0"]
[WhiteElo "2635"]
[BlackElo "2309"]
[EventDate "2003.03.08"]

1. e4 c5 2. Nf3 d6 3. d4 cxd4 4. Nxd4 Nf6 5. Nc3 a6 6. Be3 e6 7. Be2 Be7 8.
a4 Nc6 9. O-O O-O 10. f4 Bd7 11. Nb3 b6 12. Bf3 Qc7 13. g4 Bc8 14. g5 Nd7
15. Bg2 Re8 16. Qh5 Bf8 17. Rf3 g6 18. Qh4 Bg7 19. Raf1 Nf8 20. Kh1 Rb8 21.
f5 Ne5 22. Rh3 b5 23. axb5 axb5 24. Nd4 b4 25. Nce2 Nc4 26. Bc1 Qc5 27. Nb3
Qb6 28. Nf4 Bb7 29. f6 Bh8 30. Nxg6 1-0

[Event "6th United Insurance"]
[Site "Dhaka BAN"]
[Date "2003.03.15"]
[Round "8"]
[White "Abdulla,Al"]
[Black "Magem Badals,J"]
[Result "0-1"]
[WhiteElo "2405"]
[BlackElo "2493"]
[EventDate "2003.03.08"]

1. d4 d6 2. Nf3 Bg4 3. c4 Nd7 4. Nc3 Bxf3 5. exf3 g6 6. Be2 Bg7 7. O-O e6
8. f4 Ne7 9. Bf3 c6 10. d5 exd5 11. cxd5 c5 12. Ne4 Nb6 13. f5 Nxf5 14. Bg5
f6 15. Bf4 O-O 16. Bg4 Nd4 17. Be6+ Nxe6 18. dxe6 Re8 19. Nxd6 Rxe6 20. Re1
Rxe1+ 21. Qxe1 Qd7 22. Rd1 Bf8 23. h3 Rd8 24. Rd2 Bxd6 25. Rxd6 Qe8 26. Re6
Qa4 27. Rd6 Re8 28. Qd2 Qxa2 29. Bh6 Qf7 30. Rd8 Qe7 31. Rxe8+ Qxe8 32. Qa5
Nc8 0-1

[Event "6th United Insurance"]
[Site "Dhaka BAN"]
[Date "2003.03.15"]
[Round "8"]
[White "Neelotpal,D"]
[Black "Goloshchapov,A"]
[Result "1/2-1/2"]
[WhiteElo "2406"]
[BlackElo "2523"]
[EventDate "2003.03.08"]

1. e4 c5 2. Nf3 Nc6 3. d4 cxd4 4. Nxd4 e6 5. Nc3 Qc7 6. Be2 a6 7. O-O Nf6
8. Kh1 Be7 9. f4 d6 10. Be3 O-O 11. a4 Re8 12. Bf3 Bf8 13. Nb3 b6 14. e5
dxe5 15. fxe5 Nd7 16. Bxc6 Qxc6 17. Nd4 Qb7 18. Qh5 g6 19. Qh4 Nxe5 20. Ne4
Be7 21. Qf4 f5 22. Qxe5 Qxe4 23. Qxe4 fxe4 24. Nc6 Bc5 25. Bxc5 bxc5 26.
Kg1 e5 27. Na5 Rd8 28. Nc4 Be6 29. Nxe5 Rd2 30. Rf2 Rad8 31. Re1 Rd1 32.
Kf1 R8d5 33. Rxd1 Rxd1+ 34. Ke2 Rd5 35. Nc6 Rd6 36. Na5 Rb6 37. b3 c4 38.
Nxc4 Bxc4+ 39. bxc4 Rc6 40. Ke3 Rxc4 41. a5 Kg7 42. Rd2 Kf6 43. Rd6+ Ke5
44. Rxa6 Rxc2 45. Ra7 Rxg2 46. Re7+ Kf5 47. Rf7+ Ke5 48. Re7+ Kf5 1/2-1/2

[Event "6th United Insurance"]
[Site "Dhaka BAN"]
[Date "2003.03.16"]
[Round "9"]
[White "Goloshchapov,A"]
[Black "Reefat,S"]
[Result "1-0"]
[WhiteElo "2523"]
[BlackElo "2451"]
[EventDate "2003.03.08"]

1. e4 e6 2. d4 d5 3. Nc3 Nf6 4. Bg5 Bb4 5. e5 h6 6. Be3 Ne4 7. Qg4 Kf8 8.
a3 Bxc3+ 9. bxc3 c5 10. Bd3 h5 11. Qf3 Nxc3 12. dxc5 Nc6 13. Qf4 d4 14. Bd2
Na4 15. Bb5 Nxc5 16. Bxc6 bxc6 17. Bb4 Qd5 18. O-O-O Kg8 19. Nf3 Qe4 20.
Qg5 Nb7 21. Rxd4 Qf5 22. Rf4 Qxg5 23. Nxg5 c5 24. Bc3 Nd8 25. Rd1 Bb7 26.
Rd7 Bxg2 27. Ba5 Nc6 28. Rfxf7 Rh6 29. Rxg7+ Kh8 30. Bd2 Bd5 31. Nh3 Nxe5
32. Bxh6 1-0

[Event "6th United Insurance"]
[Site "Dhaka BAN"]
[Date "2003.03.16"]
[Round "9"]
[White "Magem Badals,J"]
[Black "Neelotpal,D"]
[Result "1/2-1/2"]
[WhiteElo "2493"]
[BlackElo "2406"]
[EventDate "2003.03.08"]

1. e4 c5 2. c3 Nf6 3. e5 Nd5 4. g3 d6 5. exd6 Qxd6 6. Bg2 Nc6 7. Ne2 Bg4 8.
h3 Bh5 9. O-O e6 10. Na3 Be7 11. g4 Bg6 12. d4 Rd8 13. Nc4 Qc7 14. Ne3 Nxe3
15. fxe3 O-O 1/2-1/2

[Event "6th United Insurance"]
[Site "Dhaka BAN"]
[Date "2003.03.16"]
[Round "9"]
[White "Barsov,A"]
[Black "Abdulla,Al"]
[Result "1-0"]
[WhiteElo "2525"]
[BlackElo "2405"]
[EventDate "2003.03.08"]

1. d4 d5 2. c4 c6 3. Nf3 Nf6 4. Nc3 e6 5. e3 Nbd7 6. Qc2 a6 7. b3 b5 8. Bd3
Be7 9. O-O Bb7 10. c5 e5 11. dxe5 Ng4 12. Nxd5 Bxc5 13. Nf4 Qe7 14. e6 1-0

[Event "6th United Insurance"]
[Site "Dhaka BAN"]
[Date "2003.03.16"]
[Round "9"]
[White "Murshed,N"]
[Black "Dzhumaev,M"]
[Result "1/2-1/2"]
[WhiteElo "2435"]
[BlackElo "2507"]
[EventDate "2003.03.08"]

1. d4 f5 2. g3 Nf6 3. Bg2 g6 4. Nh3 d6 5. Nf4 Nc6 6. b3 Bg7 7. Bb2 O-O 8.
Nd2 e5 9. dxe5 dxe5 10. Bxc6 exf4 11. Bf3 fxg3 12. hxg3 Qe7 13. Nc4 Be6 14.
Ba3 c5 15. Qd6 Qxd6 16. Nxd6 Ne4 17. Rd1 Bc3+ 18. Kf1 Rad8 19. Bxe4 fxe4
20. Kg2 Bd4 21. Nxe4 Bd5 22. Rxd4 cxd4 23. Bxf8 Bxe4+ 24. f3 Bxc2 25. Bb4
d3 26. exd3 Rxd3 27. Rf1 Kf7 28. Rf2 Bd1 29. f4 Bg4 30. Rd2 Bf5 31. Kf2 Ke6
32. Rxd3 Bxd3 33. Bd2 Kd5 34. a4 Bc2 35. a5 Bxb3 36. Be3 a6 37. Bb6 Ke4 38.
Bc5 Bd5 39. Bb6 h5 40. Bc5 Kd3 41. Bb6 Bc6 42. Kf1 Kd2 43. Kf2 Bb5 44. Be3+
Kd1 45. Bb6 Bc4 46. Bc5 Kd2 47. Be3+ Kd3 48. Bc5 Bd5 49. Bb6 Ke4 50. Ke2
Kf5 51. Ke3 Kg4 52. Kf2 Bc6 53. Bc5 Kf5 54. Ke3 1/2-1/2

[Event "6th United Insurance"]
[Site "Dhaka BAN"]
[Date "2003.03.17"]
[Round "10"]
[White "Reefat,S"]
[Black "Vakhidov,T"]
[Result "0-1"]
[WhiteElo "2451"]
[BlackElo "2546"]
[EventDate "2003.03.08"]

1. e4 e5 2. Nf3 Nf6 3. d4 Nxe4 4. Bd3 d5 5. Nxe5 Nd7 6. Nc3 Nxe5 7. dxe5
Nxc3 8. bxc3 Bc5 9. O-O Be6 10. Rb1 Bb6 11. Qh5 h6 12. Kh1 Qe7 13. f4 g6
14. Qe2 O-O-O 15. a4 Qc5 16. Rb5 Qc6 17. a5 a6 18. axb6 axb5 19. bxc7 Qxc7
20. Qf2 Qxc3 21. Bd2 Qc6 22. Rb1 d4 23. Bxb5 Qc7 24. Ra1 Kb8 25. Ba5 Qc5
26. Rb1 Rd5 27. Bb4 Qc7 28. Bd3 Re8 29. Qf3 Bf5 30. Bxf5 gxf5 31. Qd3 Qc8
32. Ra1 Qc6 33. Qxf5 Rb5 34. Be7 Rg8 35. Qh3 b6 36. Bd6+ Kb7 37. f5 Rb2 38.
Qf3 Rxc2 39. e6 Qxf3 40. gxf3 fxe6 41. f6 Rcc8 42. f7 Rgf8 43. Bxf8 Rxf8
44. Re1 Rxf7 45. Rxe6 Rd7 46. Kg2 d3 47. Re1 d2 48. Rd1 Rd5 49. f4 Kc6 50.
Kf3 Kd7 51. Ke4 Rd6 0-1

[Event "6th United Insurance"]
[Site "Dhaka BAN"]
[Date "2003.03.17"]
[Round "10"]
[White "Dzhumaev,M"]
[Black "Rahman,Zia"]
[Result "1-0"]
[WhiteElo "2507"]
[BlackElo "2542"]
[EventDate "2003.03.08"]

1. e4 c5 2. Nf3 e6 3. d3 d5 4. Nbd2 Nc6 5. g3 Bd6 6. Bg2 Nge7 7. O-O O-O 8.
Qe2 Bc7 9. c3 b6 10. d4 cxd4 11. Nxd4 Nxd4 12. cxd4 a5 13. Rd1 Ba6 14. Qh5
Bd3 15. a4 Rc8 16. Ra3 Bc2 17. Re1 Bd6 18. Rae3 Bb4 19. g4 Ng6 20. Rh3 h6
21. Nf3 Bxe4 22. Bxh6 gxh6 23. Qxh6 Re8 24. Ne5 Qf6 25. Qh7+ Kf8 26. Nd7+
Ke7 27. Nxf6 Bxg2 28. Kxg2 Bxe1 29. Nxe8 Nf4+ 30. Kf3 Nxh3 31. Qxh3 Kxe8
32. Qh8+ Kd7 33. Qg7 Ke7 34. Ke2 Bb4 35. Kd3 Bd6 36. h4 Ke8 37. h5 Bf8 38.
Qg8 1-0

[Event "6th United Insurance"]
[Site "Dhaka BAN"]
[Date "2003.03.17"]
[Round "10"]
[White "Tiviakov,S"]
[Black "Murshed,N"]
[Result "1-0"]
[WhiteElo "2635"]
[BlackElo "2435"]
[EventDate "2003.03.08"]

1. e4 e5 2. Nf3 d6 3. d4 Nd7 4. Bc4 c6 5. O-O Be7 6. dxe5 dxe5 7. Ng5 Bxg5
8. Qh5 Qe7 9. Qxg5 Qxg5 10. Bxg5 Ngf6 11. f3 b5 12. Be2 Nb6 13. Nd2 Be6 14.
Rfc1 Nfd7 15. c4 b4 16. a3 bxa3 17. Rxa3 f6 18. Be3 Ke7 19. Rca1 Nc8 20.
Bxa7 Rxa7 21. Rxa7 Nxa7 22. Rxa7 Rb8 23. b3 Kd6 24. Kf2 g5 25. Bd1 h5 26.
Be2 Nc5 27. Ke3 Bd7 28. Ra3 Ne6 29. Bd1 h4 30. Nb1 Nd4 31. Nc3 g4 32. f4 g3
33. hxg3 Bg4 34. fxe5+ fxe5 35. c5+ Ke7 36. Ra7+ Kf6 37. Bxg4 Rxb3 38. Kd2
Rb2+ 39. Ke1 Nc2+ 40. Ke2 Nb4+ 41. Kf1 hxg3 42. Rb7 Rf2+ 43. Kg1 Nd3 44.
Ne2 Ne1 45. Rb3 Rxg2+ 46. Kf1 Kg5 47. Bh3 1-0

[Event "6th United Insurance"]
[Site "Dhaka BAN"]
[Date "2003.03.17"]
[Round "10"]
[White "Rahman,Tai"]
[Black "Hossain,Enam"]
[Result "1/2-1/2"]
[WhiteElo "2300"]
[BlackElo "2451"]
[EventDate "2003.03.08"]

1. d4 Nf6 2. c4 c6 3. Nc3 d5 4. Nf3 dxc4 5. a4 Bf5 6. e3 e6 7. Bxc4 Bb4 8.
O-O Nbd7 9. Nh4 Bg6 10. Qe2 Nd5 11. Nxg6 hxg6 12. Bd2 Qa5 13. Rfc1 N5b6 14.
Bd3 c5 15. dxc5 Nxc5 16. Bb5+ Kf8 17. Rc2 Nb3 18. Rd1 a6 19. Bc4 Nxd2 20.
Rdxd2 Bxc3 21. Rxc3 Nxa4 22. Rcd3 Qc7 23. g3 Nc5 24. Rd4 a5 25. Qf3 Ke7 26.
Qg4 Qe5 27. Be2 Qf5 28. b4 Qxg4 29. Bxg4 Nb3 30. Rd7+ Kf6 31. R2d3 a4 32.
Bd1 Rhc8 33. Bxb3 axb3 34. Rxb3 Ra1+ 35. Kg2 g5 36. Rb2 b5 37. Rb7 g4 38.
h3 gxh3+ 39. Kxh3 g5 40. Rxb5 Rc4 41. Rc5 g4+ 42. Kg2 Rxc5 43. bxc5 Rc1
1/2-1/2

[Event "6th United Insurance"]
[Site "Dhaka BAN"]
[Date "2003.03.17"]
[Round "10"]
[White "Abdulla,Al"]
[Black "Ahmed,SN"]
[Result "0-1"]
[WhiteElo "2405"]
[BlackElo "2309"]
[EventDate "2003.03.08"]

1. d4 Nf6 2. c4 e6 3. Nf3 b6 4. e3 Bb7 5. Bd3 Bb4+ 6. Nbd2 O-O 7. O-O d5 8.
a3 Bd6 9. b3 Nbd7 10. Bb2 Ne4 11. b4 f5 12. c5 Be7 13. Rc1 c6 14. Ne1 a5
15. f3 Nxd2 16. Qxd2 Ba6 17. Bxa6 Rxa6 18. b5 Ra8 19. Nd3 cxb5 20. c6 Nf6
21. c7 Qc8 22. Qc2 Ne8 23. Qc6 Nd6 24. Ne5 Nc4 25. Qxb5 Nxe5 26. dxe5 Bc5
27. Rxc5 bxc5 28. Qxc5 Qb7 29. Bc3 Qa7 30. Bd4 Qxc5 31. Bxc5 Rfc8 32. Bb6
Ra6 33. Rb1 a4 34. Rb5 Kf7 35. Kf2 Ke8 36. Ke2 Kd7 37. Ba5 Kc6 38. Rb8 Ra8
0-1

[Event "6th United Insurance"]
[Site "Dhaka BAN"]
[Date "2003.03.17"]
[Round "10"]
[White "Neelotpal,D"]
[Black "Barsov,A"]
[Result "1/2-1/2"]
[WhiteElo "2406"]
[BlackElo "2525"]
[EventDate "2003.03.08"]

1. e4 e6 2. d4 d5 3. Nc3 Bb4 4. e5 c5 5. a3 Bxc3+ 6. bxc3 Ne7 7. Qg4 O-O 8.
Bd3 Qa5 9. Bd2 Nbc6 10. Qh5 h6 11. Nf3 c4 12. Be2 f5 13. exf6 Rxf6 14. g4
Bd7 15. g5 Be8 16. Qg4 h5 17. Qh3 Rf8 18. Qxe6+ Bf7 19. Qh3 Rae8 20. O-O
Ng6 21. Rfe1 Re4 22. Bf1 Rg4+ 23. Kh1 Nf4 24. Bxf4 Rxf4 25. Nh4 Qd8 26. g6
Qxh4 27. gxf7+ R8xf7 28. Re8+ Kh7 29. Qxh4 Rxh4 30. Kg1 Rg4+ 31. Bg2 Rf6
32. Kh1 Rxf2 1/2-1/2